Therapeutic modalities : (رقم التسجيلة. 79515)

تفاصيل مارك
000 -الفاتح
حقل البيانات ثابتة الطول 04336cam a22003978i 4500
001 - رقم الضبط
رقم الضبط 21154083
003 - محدد رقم الضبط
رقم الضبط OSt
005 - وقت وتاريخ اخر تعامل مع التسجيلة
رقم الضبط 20210306165146.0
008 - عناصر البيانات ثابتة الطول - معلومات عامة
حقل البيانات ثابتة الطول 190826s2021 pau b 001 0 eng
010 ## - رقم ضبط مكتبة الكونجرس
رقم ضبط مكتبة الكونجرس 2019037497
020 ## - الرقم الدولى المعيارى للكتب
الرقم الدولى المعيارى للكتاب 9781975121327
Qualifying information (hardcover)
040 ## - مصدر الفهرسة
وكالة الفهرسة الأصلية DNLM/DLC
لغة الفهرسة eng
قواعد الوصف rda
وكالة النسخ DLC
042 ## - رمز التحقق
رمز التحقق pcc
050 00 - رقم طلب مكتبة الكونجرس
رقم التصنيف RM701
060 10 - رقم الطلب بالمكتبة الطبية الوطنية
رقم التصنيف WB 460
082 00 - رقم تصنيف ديوى العشرى
رقم التصنيف 615.82
رقم الطبعة 23
رقم المادة KKT
100 1# - المدخل الرئيسى - إسم شخصى
الإسم الشخصى Knight, Kenneth L.
الدور author.
9 (RLIN) 88704
245 10 - بيان العنوان
العنوان Therapeutic modalities :
بقية العنوان the art and science /
بيان المسئوليه,etc David O. Draper, Lisa S. Jutte, Kenneth L. Knight.
250 ## - بيان الطبعة
بيان الطبعة Third edition.
263 ## - تاريخ النشر المتوقع
تاريخ النشر المتوقع 1912
264 #1 - النشر, التوزيع, ETC. (IMPRINT)
مكان الناشر او الموزع Philadelphia :
اسم الناشر او الموزع Wolters Kluwer,
تاريخ النشر أو التوزيع [2021]
300 ## - الوصف المادى
التعداد pages cm
500 ## - تبصرة عامة
تبصرة عامة Kenneth L. Knight was the first named author on the previous edition.
504 ## - تبصرة ببليوجرافية
تبصرة ببليوجرافية,الخ Includes bibliographical references and index.
505 0# - تبصرة محتويات-الفهرس
تبصرة المحتويات المصاغة THERAPEUTIC MODALITIES : WHAT THEY ARE AND WHY THEY ARE USED -- EVIDENCE-BASED PRACTICE -- GENERAL APPLICATION PROCEDURES -- INJURY RECORD KEEPING -- TISSUE RESPONSE TO INJURY : INFLAMMATION, SWELLING AND EDEMA -- IMMEDIATE CARE OF ACUTE AND ORTHOPEDIC INJURIES -- THE HEALING PROCESS -- UNDERSTANDING PAIN AND ITS RELATIONSHIP TO INJURY -- RELIEVING ORTHOPEDIC INJURY PAIN -- PRINCIPLES OF HEAT FOR THERMOTHERAPY -- SUPERFICIAL THERMOTHERAPY APPLICATION -- CRYOTHERAPY BEYOND IMMEDIATE CARE -- CRYOTHERAPY APPLICATION FOR POST-IMMEDIATE CARE -- THERAPEUTIC ULTRASOUND -- DIATHERMY -- PRINCIPLES OF ELECTRICITY FOR ELECTROTHERAPY -- APPLICATION PROCEDURES : ELECTROTHERAPY -- THERAPEUTIC SPORTS MASSAGE -- SPINAL TRACTION -- POSITIONAL RELEASE THERAPY -- PHOTOBIOMODULATION (LASER AND LIGHT THERAPY) -- NITROGEN VAPOR CRYOTHERAPY -- BIO-ELECTRO-MAGNETIC-ENERGY-REGULATION (BEMER) -- DIFFERENTIAL APPLICATION OF THERAPEUTIC MODALITIES -- CASE STUDIES USING THERAPEUTIC MODALITIES.
520 ## - التبصرة الخاصة بالتعليق أو التلخيص
ملخص,الخ "Knight and Draper's Therapeutic Modalities is the modalities text that combines both evidence-based medicine with anecdotal tradition and experience - hence the Art and Science. While Draper and Knight are widely known and respected researchers (commonly referred to as Dr. Cold and Dr. Heat, respectively to indicate they modality they research) they acknowledge there are often instances where there is simply not enough research to base use on scientific fact. In those cases practitioners are required to rely on experience and tradition. Beyond the Art and Science elements, what makes this book unique is how it applicable beyond the Athletic Training market. The market leader, Starkey/Therapeutic Modalities (FA Davis) sells only into the AT market. However, like Clarkson's Musculoskeletal Assessment, Draper and Knight also sells into PT and OT markets (one of the Amazon reviewers is a PT student). This is possible because the book introduces the most common therapeutic modalities used by all rehab specialists - athletic trainers, physical therapists, chiropractors and occupational therapists - not just athletic trainers. The foundational chapters lay the groundwork for using therapeutic modalities, specifically Evidence-based practice, Inflammation, swelling and edema, the healing process and understanding pain across all rehab specialties. Same goes for the modalities found in the treatment section of the book. Nitrogen vapor cryotherapy, BEMER, and Positional Release Therapy are not AT-specific therapies and are not found in any of the AT-only texts. Throughout the text the authors utilize a pedagogy that supports a kinesthetic learning style. Strategy was implemented because the core rehabs disciplines attract those type of kinesthetic (hands-on) learners. Thus we include several case studies and hands-on, step-by-step chapters and labs to cover the kinesthetic learners. For example, after each chapter on a modality (or several modalities) there is a section that illustrates that step-by-step procedure for using the modality"--
650 12 - المدخل الاضافى بالموضوع-مصطلح موضوعى
مصطلح موضوعي أو اسم جغرافي كعنصر مدخل Physical Therapy Modalities
9 (RLIN) 88705
650 22 - المدخل الاضافى بالموضوع-مصطلح موضوعى
مصطلح موضوعي أو اسم جغرافي كعنصر مدخل Orthopedic Procedures
التقسيم الفرعي العام methods
9 (RLIN) 56096
650 22 - المدخل الاضافى بالموضوع-مصطلح موضوعى
مصطلح موضوعي أو اسم جغرافي كعنصر مدخل Hyperthermia, Induced
التقسيم الفرعي العام methods
9 (RLIN) 88706
650 22 - المدخل الاضافى بالموضوع-مصطلح موضوعى
مصطلح موضوعي أو اسم جغرافي كعنصر مدخل Electric Stimulation Therapy
9 (RLIN) 38248
700 1# - المدخل الاضافى - اسم شخصى
الإسم الشخصى Draper, David O.,
الدور author.
9 (RLIN) 88707
700 1# - المدخل الاضافى - اسم شخصى
الإسم الشخصى Jutte, Lisa S.,
الدور author.
9 (RLIN) 88708
906 ## - عنصر بيانات محلى F, LDF (RLIN)
a 7
b cbc
c orignew
d 1
e ecip
f 20
g y-gencatlg
942 ## - عناصر المدخل الإضافي( كوها)
مصدر التصنيف او مخطط الترفيف Dewey Decimal Classification
Koha [default] item type كتاب
المقتنيات
حالة الفقد نموذج السعر الفعال حالة تلف ليس للاعارة رقم الطلب تاريخ الاكتساب الموقع الحالي الباركود الفرع الرئيسي Date last seen نوع المادة فى نظام كوها مصدر التصنيف او خطة الترفيف Total Checkouts
  2021-03-06     615.82 KKT 2021-03-06 المكتبة المركزية بالمجمعة (CL) 00167982 المكتبة المركزية بالمجمعة (CL) 2021-03-06 كتاب Dewey Decimal Classification  
  2021-03-06     615.82 KKT 2021-03-06 المكتبة المركزية بالمجمعة (CL) 00167983 المكتبة المركزية بالمجمعة (CL) 2021-03-06 كتاب Dewey Decimal Classification  
  2021-03-06     615.82 KKT 2021-03-06 المكتبة المركزية بالمجمعة (CL) 00167984 المكتبة المركزية بالمجمعة (CL) 2021-03-06 كتاب Dewey Decimal Classification